Üdvözlet Selmeczbányáról Bány és erd akademiai paloták

Zobrazenie: Na bielom podklade pohľad na mesto ponad strechy. V popredí v strede je veža a strecha kostola Nanebovzatia Panny Márie. V pozadí sú dve budovy Baníckej a lesníckej akadémie

Bibliographic Details
Format: Postcard
Language:Hungarian
PhysicalDescription:1 pohľadnica čiernobiela 9 x 15 cm
Published: [Banská Štiavnica] [?] és kapható Joerges Ágost öz[?] [1900?]
Subjects:

MARC

LEADER 00000nkm a2200000 a 4500
001 vtls011970049
003 SK-MaSNL
005 20260512124325.0
007 kp bo
008 230706q1900 xo g kuhun
015 |a SNBG1900 
035 |a urn:nbn:sk:snk-km00fcxo 
035 |a urn:nbn:sk:snk-km45ujg 
035 |a B86E76C7-4EFB-488B-8811-E9B2AB073953 
040 |a SNK  |b slo  |c SNK  |e AACR2 
041 0 |a hun 
043 |a e-xo--- 
044 |a xo  |c SK 
072 7 |a 913  |x Regionálna geografia  |2 konspekt 
080 |a 913(437.6)  |2 2011 
080 |a 94(084.121)  |2 2011 
080 |a 726:27-523.42  |2 2011 
080 |a 378  |2 2011 
080 |a 904(084.121)  |2 2011 
245 0 0 |a Üdvözlet Selmeczbányáról  |h grafika  |b Bány és erd akademiai paloták 
260 |a [Banská Štiavnica]  |b [?] és kapható Joerges Ágost öz[?]  |c [1900?] 
300 |a 1 pohľadnica  |b čiernobiela  |c 9 x 15 cm 
500 |a Názvové údaje prevzaté z obrazovej časti pohľadnice 
500 |a Vydavateľské údaje sú čiastočne poškodené 
520 8 |a Zobrazenie: Na bielom podklade pohľad na mesto ponad strechy. V popredí v strede je veža a strecha kostola Nanebovzatia Panny Márie. V pozadí sú dve budovy Baníckej a lesníckej akadémie 
610 2 7 |a Kostol Nanebovziatia Panny Márie (Banská Štiavnica, Slovensko)  |2 SNKKA  |9 346066 
610 2 7 |a Banícka a lesnícka akadémia (Banská Štiavnica, Slovensko)  |2 SNKKA  |9 63833 
650 0 7 |a kultúrne pamiatky  |2 SNKPH  |9 2862 
650 0 7 |a kostoly  |2 SNKPH  |9 3023 
650 0 7 |a vysoké školy  |2 SNKPH  |9 1277 
651 7 |a Banská Štiavnica (Slovensko)  |2 SNKPHgeo  |9 16373 
655 7 |a miestne pohľadnice  |2 SNKPH  |9 70510 
655 7 |a pohľadnice kultúrnych pamiatok  |2 SNKPH  |9 70523 
655 7 |a historické pohľadnice  |2 SNKPH  |9 159703 
852 |a Slovenská národná knižnica 
958 |a GC 
958 |a ONDV 
958 |a GBN 
999 |c 866128  |d 868058 
952 |a SNK  |b SNK  |y PREZ  |7 0  |p 17A1411809  |o snkSP 100217  |z Pohľadnica prešla poštou.  |0 0  |1 0  |4 0  |d 2020-05-28  |f 1  |l 0  |r 2026-02-24 05:26:50  |w 2026-02-24